000 00631nam a2200241Ia 4500
003 OSt
005 20220918213849.0
006 a|||||r|||| 00| 0
007 ta
008 220917b |||||||| |||| 00| 0 eng d
024 _a134,719
037 _cTextual
040 _aARTS
_cARTS
_beng
041 _2eng
_aeng
082 _aX:75.2.N7, L8-;1
100 _aGhosh Oroon Kumar
_9128804
245 0 _aPlanning India's future
260 _aCalcutta
_bMinerva
_c1978
300 _ax,205p.
_ccm.
650 _aECONOMICS
942 _hX:75.2.N7, L8-;1
_cTEXL
_2CC
999 _c257820
_d257820